| 000 | 00465nam a22001817a 4500 | ||
|---|---|---|---|
| 003 | MPLRDC | ||
| 005 | 20220104192117.0 | ||
| 008 | 210129b ||||| |||| 00| 0 eng d | ||
| 020 | _a978-986-6072-97-0 | ||
| 082 | _a427.16 ZRX | ||
| 100 | _a郑荣仙 | ||
| 245 |
_a星期天的烘焙时光 _c陈冬雪 译 |
||
| 250 | _a初版 | ||
| 260 |
_a台湾 _b精诚资讯股份有限公司 _c2012 |
||
| 300 | _b平 | ||
| 650 | _a点心制法 | ||
| 942 |
_cBK _o427.16 ZRX |
||
| 999 |
_c64562 _d64552 |
||